Statistics for ‘K’ General Knowledge

Click here to take the quiz!

General Stats

  • This quiz has been taken 42 times
  • The average score is 12 of 15

Answer Stats

HintAnswer% Correct
What does the K stand for in KFCKentucky
100%
Nairobi and Mombasa are located in which country?Kenya
98%
What fruit is also a name for people in New Zealand?Kiwi
95%
What Family has the sisters; Kim, Khloe and Kourtney?Kardashian
93%
What palindromic word is similar to a canoe or dinghy?Kayak
88%
What is the capital city of Malaysia?Kuala Lumpur
85%
The American equivalent of preschoolKindergarten
83%
What Australian animal makes disturbing noises?Koala
80%
What name is given to the Citadel in Moscow?Kremlin
80%
What war had a North and a South fighting in 1950-1953Korean War
78%
______ is the strict dietary rules for Jewish peopleKosher
78%
Which New York band is fronted by Gene Simmons?KISS
73%
What is the currency in Sweden?Krona
70%
What group has had a racist past to black people?Ku Klux Klan
70%
What is the British word for being prefixed with Sir or Madame?Knighthood
35%

Score Distribution

Percentile by Number Answered

Percent of People with Each Score

Your Score History

You have not taken this quiz